000 01017cam a2200301 a 4500
001 2563370
003 NUST - PNEC
005 20170116181040.0
008 950217s1996 enka b 000 0 eng d
010 _a 95067471
015 _aGB96-13323
020 _a1853122874 (Southampton)
020 _a1562522116 (Boston)
040 _cLIBRARY
082 0 0 _a623.812 OHK
245 0 0 _aAdvances in marine hydrodynamics /
_ceditor, M. Ohkusu.
260 _aSouthampton ;
_aBoston :
_bComputational Mechanics Publications,
_cc1996.
300 _a371 p. :
_bill. ;
_c23 cm.
440 0 _aAdvances in fluid mechanics,
_x1353-808X ;
_vv. 5
504 _aIncludes bibliographical references.
650 0 _aShips
_xMIS, ME
650 0 _aHydrodynamics.
650 0 _aOceanography.
700 1 _aOhkusu, M.
906 _a7
_bcbc
_ccopycat
_d2
_eopcn
_f19
_gy-gencatlg
942 _2ddc
_cBK
999 _c68058
_d68058